LEADER 04464nam 2200769 a 450 001 996213067703316 005 20230320162428.0 010 $a1-78268-669-X 010 $a0-470-69131-X 010 $a1-282-12276-2 010 $a9786612122767 010 $a1-280-93256-2 010 $a9786610932566 010 $a1-4051-7745-4 010 $a0-470-69203-0 010 $a1-4051-8201-6 035 $a(CKB)1000000000341839 035 $a(EBL)306534 035 $a(OCoLC)476085263 035 $a(SSID)ssj0000099416 035 $a(PQKBManifestationID)11122536 035 $a(PQKBTitleCode)TC0000099416 035 $a(PQKBWorkID)10016446 035 $a(PQKB)10387441 035 $a(MiAaPQ)EBC306534 035 $a(MiAaPQ)EBC5120599 035 $a(Au-PeEL)EBL5120599 035 $a(CaONFJC)MIL212276 035 $a(EXLCZ)991000000000341839 100 $a20061103d2007 uy 0 101 0 $aeng 135 $aur|n|---||||| 181 $ctxt 182 $cc 183 $acr 200 00$aAdventures in realism$b[electronic resource] /$fedited by Matthew Beaumont 210 $aMalden, MA ;$aOxford $cBlackwell Pub.$d2007 215 $a1 online resource (302 p.) 225 1 $aConcise Companions to Literature and Culture 300 $aDescription based upon print version of record. 311 $a1-4051-3577-8 320 $aIncludes bibliographical references and index. 327 $aAdventures in Realism; Contents; List of Illustrations; Notes on Contributors; Foreword; Acknowledgments; Introduction: Reclaiming Realism; Chapter 1 Literary Realism Reconsidered: ""The world in its length and breadth""; Chapter 2 Realist Synthesis in the Nineteenth-Century Novel: ""That unity which lies in the selection of our keenest consciousness""; Chapter 3 Space, Mobility, and the Novel: ""The spirit of place is a great reality""; Chapter 4 Naturalism: ""Dirt and horror pure and simple"" 327 $aChapter 5 Realism before and after Photography: ""The fantastical form of a relation among things""Chapter 6 The Realist Aesthetic in Painting: ""Serious and committed, ironic and brutal, sincere and full of poetry""; Chapter 7 Interrupted Dialogues of Realism and Modernism: ""The fact of new forms of life, already born and active""; Chapter 8 Socialist Realism: ""To depict reality in its revolutionary development""; Chapter 9 Realism, Modernism, and Photography: ""At last, at last the mask has been torn away""; Chapter 10 Cinematic Realism: ""A recreation of the world in its own image"" 327 $aChapter 11 The Current of Critical Irrealism: ""A moonlit enchanted night""Chapter 12 Psychoanalysis and the Lacanian Real: ""Strange shapes of the unwarped primal world""; Chapter 13 Feminist Theory and the Return of the Real: ""What we really want most out of realism . . .""; Chapter 14 Realism and Anti-Realism in Contemporary Philosophy: ""What's truth got to do with it?""; Chapter 15 A Note on Literary Realism in Conclusion; Index 330 $aAdventures in Realism offers an accessible introduction to realism as it has evolved since the 19th century. Though focused on literature and literary theory, the significance of technology and the visual arts is also addressed. Comprises 16 newly-commissioned essays written by a distinguished group of contributors, including Slavoj Zizek and Frederic Jameson Provides the historical, cultural, intellectual, and literary contexts necessary to understand developments in realism Addresses the artistic mediums and technologies such as painting and film that h 410 0$aConcise Companions to Literature and Culture 606 $aEnglish literature$y19th century$xHistory and criticism 606 $aEnglish literature$y20th century$xHistory and criticism 606 $aArt and literature$zGreat Britain$xHistory$y19th century 606 $aVisual perception in literature 606 $aRealism in literature 615 0$aEnglish literature$xHistory and criticism. 615 0$aEnglish literature$xHistory and criticism. 615 0$aArt and literature$xHistory 615 0$aVisual perception in literature. 615 0$aRealism in literature. 676 $a809.912 676 $a820.9/12 701 $aBeaumont$b Matthew$f1972-$0976088 801 0$bMiAaPQ 801 1$bMiAaPQ 801 2$bMiAaPQ 906 $aBOOK 912 $a996213067703316 996 $aAdventures in realism$92877087 997 $aUNISA LEADER 01312cam a2200253 i 4500 001 991001714219707536 005 20020507150859.0 008 991104s1988 it 100 0 ita d 035 $ab11553418-39ule_inst 035 $aLE02723700$9ExL 040 $aDip.to Studi Giuridici$bita 245 00$aAccademia romanistica Costantiniana :$batti del 7. Convegno internazionale : Spello-Perugia-Norcia, 16-19 ottobre 1985 /$cAccademia romanistica Costantiniana 260 $aNapoli :$bEdizioni scientifiche italiane,$cc1988 300 $a584 p. ;$c24 cm 500 $aIn testa al front.: Università degli studi Perugia, Facoltà di giurisprudenza 710 1 $aAccademia romanistica Costantiniana$eauthor$4http://id.loc.gov/vocabulary/relators/aut$0240708 907 $a.b11553418$b02-04-14$c02-07-02 912 $a991001714219707536 945 $aLE027 ARCHI S 103$g2$iLE027-4551$lle027$o-$pE0.00$q-$rl$s- $t0$u0$v0$w0$x0$y.i11753912$z02-07-02 945 $aLE027 R-XXII 1.2 (VII)$g1$iLE027CL-1264$lle027$o-$pE0.00$q-$rn$so $t0$u0$v0$w0$x0$y.i11753924$z02-07-02 945 $aLE027 R-XXII 1 (VII)$g1$iLE027I-1911$lle027$o-$pE0.00$q-$rn$so $t0$u0$v0$w0$x0$y.i11753936$z02-07-02 996 $aAccademia romanistica costantiniana$91451880 997 $aUNISALENTO 998 $ale027$b01-01-99$cm$da $e-$fita$git $h0$i3 LEADER 03926nam 22007335 450 001 9910298213403321 005 20250610110632.0 010 $a9783319782898 010 $a3319782894 024 7 $a10.1007/978-3-319-78289-8 035 $a(CKB)4100000004831959 035 $a(DE-He213)978-3-319-78289-8 035 $a(MiAaPQ)EBC5419665 035 $a(iGPub)SPNA0056991 035 $a(PPN)229494005 035 $a(Perlego)3492999 035 $a(MiAaPQ)EBC29132630 035 $a(EXLCZ)994100000004831959 100 $a20180607d2018 u| 0 101 0 $aeng 135 $aurnn#008mamaa 181 $ctxt$2rdacontent 182 $cc$2rdamedia 183 $acr$2rdacarrier 200 10$aAlumni Leadership and University Excellence in Africa $eThe Case of Lagos Business School /$fby Henry O. Onukwuba 205 $a1st ed. 2018. 210 1$aCham :$cSpringer International Publishing :$cImprint: Palgrave Pivot,$d2018. 215 $a1 online resource (XIX, 185 p.) 225 1 $aPalgrave Studies in African Leadership,$x2945-6681 311 08$a9783319782881 311 08$a3319782886 327 $a1. Leadership -- 2. Models of Alumni Leadership -- 3. Lagos Business School -- 4. Lagos Business School Alumni Association -- 5. The LBSAA Leadership Model -- 6. The Impact of the LBS Alumni on the School and Society -- 7. On the Pedestal -- 8. Effective Alumni Leadership and University Excellence. 330 $a'This is a book that I strongly recommend to all those who wish to attain an in-depth practical understanding of how to start, structure and govern alumni associations of all kinds.' -Juan Elegido, Vice Chancellor and Professor, Pan-Atlantic University 'Borne out of practical experience, this is a well thought-out book for educational institutions looking to establish a lasting legacy through the formation of a viral and strong alumni association.' -Wole Oshin, Group Managing Director, Custodian & Allied Plc and Past President, LBS Alumni Association Focusing on Lagos Business School (LBS) in Nigeria, this book explores the impact of strong alumni leadership on university excellence in Africa. Strong leadership is crucial to the success of educational institutions and great importance is placed on their effective governance and management. However, many institutions fail to realise the positive impact that a strongalumni body can have on university excellence. Drawing on definitions and theories of leadership, the author seeks to establish the significance of alumni in enhancing a university's growth and development. Providing comprehensive analysis of LBS, this book is a unique resource for leaders of educational institutions, as well as those studying and teaching in African business schools. 410 0$aPalgrave Studies in African Leadership,$x2945-6681 606 $aBusiness 606 $aAfrica 606 $aStrategic planning 606 $aLeadership 606 $aEducation, Higher 606 $aExecutives$xTraining of 606 $aPersonnel management 606 $aAfrican Business 606 $aBusiness Strategy and Leadership 606 $aHigher Education 606 $aManagement Education 606 $aHuman Resource Development 615 0$aBusiness. 615 0$aAfrica. 615 0$aStrategic planning. 615 0$aLeadership. 615 0$aEducation, Higher. 615 0$aExecutives$xTraining of. 615 0$aPersonnel management. 615 14$aAfrican Business. 615 24$aBusiness Strategy and Leadership. 615 24$aHigher Education. 615 24$aManagement Education. 615 24$aHuman Resource Development. 676 $a303.34096 700 $aOnukwuba$b Henry O.$4aut$4http://id.loc.gov/vocabulary/relators/aut$01059783 906 $aBOOK 912 $a9910298213403321 996 $aAlumni Leadership and University Excellence in Africa$92508164 997 $aUNINA